00390cas a2200133 a 4500003002500000005001700025008004100042020001500083040002900098050002000127245002800147260004100175580004000216ALUPE UNIVERSITY COLLEGE20220318092456.0500101d19561988ilu u p 0 u0eng d a0815117922 cALUPE UNIVERSITY COLLEGE aR261b.Y43 198404aThe Year book of cancer aChicago :bYear Book Medicalcc1984. aContinues as: Year book of oncology